[Event "Haarlem Masters 2016"]
[Site "Haarlem NED"]
[Date "2016.10.15"]
[Round "1.1"]
[White "De Jager, Jaap"]
[Black "Bosboom, Manuel"]
[Result "1-0"]
[WhiteTitle "FM"]
[BlackTitle "IM"]
[WhiteElo "2417"]
[BlackElo "2397"]
[WhiteFideId "1002830"]
[BlackFideId "1000080"]
[EventDate "2016.10.15"]

1. Nf3 g6 2. c4 Bg7 3. Nc3 Nf6 4. g3 O-O 5. Bg2 d6 6. d4 Nbd7 7. O-O e5 8. h3 c6
9. e4 exd4 10. Nxd4 Qa5 11. Re1 Ne5 12. Bf1 Re8 13. Be3 Be6 14. Nxe6 Rxe6 15.
Kg2 a6 16. c5 Rd8 17. cxd6 Rexd6 18. Qb3 b5 19. f4 Nd3 20. e5 Nxe1+ 21. Rxe1
Rd2+ 22. Bxd2 Rxd2+ 23. Re2 Rxe2+ 24. Bxe2 Ne8 25. Bf3 Qc7 26. Ne4 Bf8 27. h4
Qe7 28. a3 c5 29. Qd5 c4 30. Qa8 Nc7 31. Qc8 Ne6 32. Nf6+ Kg7 33. Bd5 Nc5 34.
Ne8+ Kg8 35. Nd6 Nd3 36. Nxf7 Qc5 37. Qe6 Qf2+ 38. Kh1 Qe1+ 39. Kh2 Qd2+ 40. Bg2
Ne1 41. Nd6+ Kg7 42. Qf7+ 1-0

[Event "Haarlem Masters 2016"]
[Site "Haarlem NED"]
[Date "2016.10.15"]
[Round "1.2"]
[White "Willemze, Thomas"]
[Black "Umudova, Nargiz"]
[Result "1-0"]
[WhiteTitle "IM"]
[BlackTitle "WGM"]
[WhiteElo "2401"]
[BlackElo "2267"]
[WhiteFideId "1007238"]
[BlackFideId "13402137"]
[EventDate "2016.10.15"]

1. e4 c5 2. Nf3 d6 3. Bb5+ Nd7 4. O-O a6 5. Bd3 Ngf6 6. Re1 b5 7. c4 g5 8. Nxg5
Ne5 9. Bf1 bxc4 10. d4 cxd3 11. f4 Ng6 12. Bxd3 h6 13. e5 hxg5 14. exf6 Nxf4 15.
Bxf4 gxf4 16. fxe7 Bxe7 17. Nc3 Be6 18. Qa4+ Kf8 19. Rxe6 fxe6 20. Qxf4+ Ke8 21.
Re1 Qd7 22. Qg4 Kd8 23. Rxe6 d5 24. Bf5 c4 25. Qd4 Qa7 26. Rb6 Rh6 27. Nxd5 Ke8
28. Bd7+ Kxd7 29. Nxe7+ Ke8 30. Nc8 Rxc8 31. Qe3+ Qe7 32. Qxe7+ Kxe7 33. Rxh6
Rb8 34. b3 a5 35. bxc4 Rb2 36. Ra6 Rxa2 37. h4 Kf7 38. Kh2 a4 39. c5 a3 40. c6
Ke7 41. Ra7+ Kd6 42. c7 Kd7 43. h5 Rc2 44. c8=Q+ Kxc8 45. Rxa3 Kd7 46. Re3 1-0

[Event "Haarlem Masters 2016"]
[Site "Haarlem NED"]
[Date "2016.10.15"]
[Round "1.3"]
[White "Schippers, Maurice"]
[Black "Warakomska, Anna"]
[Result "1/2-1/2"]
[BlackTitle "WIM"]
[WhiteElo "2266"]
[BlackElo "2365"]
[WhiteFideId "1004735"]
[BlackFideId "1130790"]
[EventDate "2016.10.15"]

1. e4 c5 2. Nf3 e6 3. d4 cxd4 4. Nxd4 Nc6 5. Nc3 Qc7 6. Be3 a6 7. Qd2 Nf6 8. f4
Bb4 9. Bd3 Na5 10. a3 Bxc3 11. Qxc3 Qxc3+ 12. bxc3 d5 13. exd5 exd5 14. Nb3 Nc4
15. Bd4 O-O 16. O-O Re8 17. Rfe1 Bd7 18. Bxf6 gxf6 19. Bxc4 dxc4 20. Nd4 Rac8
21. Kf2 Rxe1 22. Rxe1 Rc5 23. Rb1 b5 24. h3 Kf8 25. Re1 Rd5 26. g4 h5 27. Kg3
hxg4 28. hxg4 a5 29. Kf3 Bc8 30. Rb1 Bd7 31. Re1 Bc8 32. Rb1 Bd7 33. Re1 1/2-1/2

[Event "Haarlem Masters 2016"]
[Site "Haarlem NED"]
[Date "2016.10.15"]
[Round "1.4"]
[White "Hopman, Pieter"]
[Black "L'Ami, Alina"]
[Result "0-1"]
[WhiteTitle "FM"]
[BlackTitle "IM"]
[WhiteElo "2354"]
[BlackElo "2322"]
[WhiteFideId "1005669"]
[BlackFideId "1210246"]
[EventDate "2016.10.15"]

1. d4 Nf6 2. c4 g6 3. Nc3 Bg7 4. e4 d6 5. h3 O-O 6. Bg5 Nbd7 7. Nf3 a6 8. Qc2 c5
9. d5 b5 10. cxb5 Qa5 11. Bd2 axb5 12. Nxb5 Qa4 13. Qxa4 Rxa4 14. Nc3 Rb4 15.
Bd3 Rxb2 16. O-O-O Rb6 17. Kc2 Ba6 18. Bxa6 Rxa6 19. Rb1 Nb6 20. Kd3 Na4 21. Nb5
c4+ 22. Ke3 Nc5 23. e5 Nxd5+ 24. Kd4 Nb6 25. Nc7 Ne6+ 26. Nxe6 fxe6 27. Bg5
dxe5+ 28. Kc5 Nd7+ 29. Kxc4 e4 30. Nd2 Rc8+ 0-1

[Event "Haarlem Masters 2016"]
[Site "Haarlem NED"]
[Date "2016.10.15"]
[Round "1.5"]
[White "Warmerdam, Max"]
[Black "Lopez, Jasel"]
[Result "1-0"]
[WhiteTitle "FM"]
[BlackTitle "FM"]
[WhiteElo "2388"]
[BlackElo "2233"]
[WhiteFideId "1048104"]
[BlackFideId "15900045"]
[EventDate "2016.10.15"]

1. e4 e6 2. d4 d5 3. Nc3 Nf6 4. Bg5 dxe4 5. Nxe4 Be7 6. Bxf6 gxf6 7. Nf3 a6 8.
g3 b5 9. Bg2 Bb7 10. Qe2 Nd7 11. O-O-O Bd5 12. Kb1 c6 13. Nc3 Rc8 14. Nxd5 cxd5
15. Rhe1 Nb6 16. Nh4 Nc4 17. Qh5 Qd6 18. c3 Nxb2 19. Kxb2 Qa3+ 20. Kb1 Qxc3 21.
Qe2 Rc4 22. Bxd5 O-O 23. Bxc4 bxc4 24. Qb2 Qa5 25. Re3 Bd6 26. Ka1 Rb8 27. Qc3
Qb5 28. Nf3 Bb4 29. Qc2 a5 30. Rb1 Qd5 31. a3 Rc8 32. Qe4 Qd7 33. Qc2 c3 34.
axb4 axb4 35. Rxb4 Ra8+ 36. Kb1 Qa7 37. Qxc3 Qa2+ 38. Kc1 Qxf2 39. Nd2 Qxh2 40.
d5 Qh1+ 41. Kc2 Qxd5 42. Rg4+ Kf8 43. Qb4+ 1-0

[Event "Haarlem Masters 2016"]
[Site "Haarlem NED"]
[Date "2016.10.16"]
[Round "2.1"]
[White "L'Ami, Alina"]
[Black "Warmerdam, Max"]
[Result "1-0"]
[WhiteTitle "IM"]
[BlackTitle "FM"]
[WhiteElo "2322"]
[BlackElo "2388"]
[WhiteFideId "1210246"]
[BlackFideId "1048104"]
[EventDate "2016.10.15"]

1. d4 Nf6 2. c4 g6 3. Nc3 Bg7 4. e4 d6 5. Be2 O-O 6. Be3 Na6 7. g4 c5 8. g5 Ng4
9. Bxg4 Bxg4 10. f3 Bd7 11. h4 Qa5 12. Qd2 cxd4 13. Bxd4 Bxd4 14. Qxd4 Nb4 15.
Rh2 Be6 16. b3 b5 17. cxb5 Rac8 18. a3 Nd3+ 19. Qxd3 Rxc3 20. Qd2 Qb6 21. Ne2
Rxf3 22. Nd4 Rg3 23. Kf2 Rg4 24. Kf3 Qb7 25. Re1 Bc8 26. Nc6 f6 27. Qd5+ Kg7 28.
Ke3 f5 29. Qd4+ e5 30. Qxd6 Rxe4+ 31. Kd2 Rxe1 32. Kxe1 Qb6 33. Qxe5+ Kg8 34.
Qd5+ Kh8 35. Re2 Qg1+ 36. Kd2 Qa1 37. Qe5+ Qxe5 38. Rxe5 f4 39. Ke1 a6 40. b6
Bd7 41. Ne7 Rb8 42. Nd5 Bc6 43. Nxf4 Rxb6 44. Re6 a5 45. Rd6 Ra6 46. Ne6 h6 47.
Nc5 Rb6 48. Rxg6 hxg5 49. hxg5 Kh7 50. Rh6+ Kg8 51. Kd2 Kf7 52. Rf6+ Ke7 53. Kc3
Kd8 54. Ne6+ 1-0

[Event "Haarlem Masters 2016"]
[Site "Haarlem NED"]
[Date "2016.10.16"]
[Round "2.2"]
[White "Umudova, Nargiz"]
[Black "Schippers, Maurice"]
[Result "1/2-1/2"]
[WhiteTitle "WGM"]
[WhiteElo "2267"]
[BlackElo "2266"]
[WhiteFideId "13402137"]
[BlackFideId "1004735"]
[EventDate "2016.10.15"]

1. e4 c5 2. Nf3 e6 3. d3 Nc6 4. g3 d6 5. Bg2 Nf6 6. O-O Be7 7. Re1 O-O 8. c3 e5
9. h3 Qb6 10. Nbd2 Be6 11. Nf1 Rad8 12. g4 d5 13. Qe2 Qa6 14. exd5 Nxd5 15. Ng3
Rfe8 16. Bf1 f6 17. Qe4 Qa5 18. Nh4 Bf8 19. Nhf5 Nf4 20. Bxf4 Bd5 21. Qe3 exf4
22. Qxf4 Ne5 23. Ne4 Ng6 24. Qf3 Re5 25. h4 Qc7 26. h5 Ne7 27. Nfg3 h6 28. d4
cxd4 29. cxd4 Re6 30. Rad1 Re8 31. b3 b6 32. Bb5 Rd8 33. Bd3 Nc6 34. Bb1 Ne7 35.
Nf5 Nxf5 36. Qxf5 Bb4 37. Re3 Qc6 38. Ng3 Rxe3 39. fxe3 Kf8 40. Qg6 Bf7 41. Qe4
Bd5 42. Qc2 Qxc2 43. Bxc2 Bf3 44. Rf1 Bxg4 45. Bf5 Bd6 46. Bxg4 Bxg3 47. Kg2 Bh4
48. Kf3 Ke7 49. Rc1 Kd6 50. b4 Re8 51. e4 Bg5 52. Rc2 a6 53. a4 b5 54. a5 Ra8
55. Ke2 Bf4 56. Rc5 Ra7 57. Bc8 Ke7 58. e5 fxe5 59. dxe5 Kd8 60. Rc6 Rc7 61.
Rxc7 Kxc7 62. Bxa6 Bxe5 63. Kd3 Kc6 64. Bc8 Bd6 65. Kc3 Kc7 66. Bf5 Kb7 67. Bd7
Ka6 68. Bc8+ Ka7 69. a6 Bf8 1/2-1/2

[Event "Haarlem Masters 2016"]
[Site "Haarlem NED"]
[Date "2016.10.16"]
[Round "2.3"]
[White "De Jager, Jaap"]
[Black "Willemze, Thomas"]
[Result "1/2-1/2"]
[WhiteTitle "FM"]
[BlackTitle "IM"]
[WhiteElo "2417"]
[BlackElo "2401"]
[WhiteFideId "1002830"]
[BlackFideId "1007238"]
[EventDate "2016.10.15"]

1. Nf3 Nf6 2. c4 e6 3. g3 d5 4. Bg2 dxc4 5. Qa4+ Bd7 6. Qxc4 c5 7. O-O Bc6 8.
Rd1 Nbd7 9. b3 Be7 10. Bb2 b5 11. Qc2 Rc8 12. d3 Qb6 13. Nbd2 O-O 14. a4 a6 15.
axb5 axb5 16. Rdc1 Nd5 17. Ne5 Nxe5 18. Bxe5 Bg5 19. Rd1 f6 20. Bc3 f5 21. Rab1
Qb7 22. Nf3 b4 23. Be5 Bf6 24. Bxf6 gxf6 25. Ra1 Nc3 26. Re1 Ra8 27. Nh4 Rxa1
28. Rxa1 Ra8 29. Rxa8+ Qxa8 30. Bxc6 Qxc6 31. Nf3 Qa6 32. Kg2 Kg7 33. Qd2 Qc6
34. Kf1 Nb5 35. Qa2 Qd5 36. Qa5 Qb7 37. Kg1 Nc3 38. Kf1 Nb5 39. Kg1 Qd7 40. Qb6
Nc3 41. Kf1 Qd5 1/2-1/2

[Event "Haarlem Masters 2016"]
[Site "Haarlem NED"]
[Date "2016.10.16"]
[Round "2.4"]
[White "Bosboom, Manuel"]
[Black "Lopez, Jasel"]
[Result "1-0"]
[WhiteTitle "IM"]
[BlackTitle "FM"]
[WhiteElo "2397"]
[BlackElo "2233"]
[WhiteFideId "1000080"]
[BlackFideId "15900045"]
[EventDate "2016.10.15"]

1. d4 e6 2. Nf3 c5 3. g3 Nf6 4. Bg2 Nc6 5. O-O Qb6 6. dxc5 Bxc5 7. c4 Be7 8. Nc3
d6 9. b3 O-O 10. Bb2 a6 11. Rc1 Bd7 12. Qd2 Rad8 13. Rfd1 Ne5 14. Nd4 Rfe8 15.
e3 Qa7 16. Qe2 Bf8 17. h3 Nc6 18. Nf3 e5 19. Rd2 h6 20. Rcd1 Qb8 21. Nh2 Be6 22.
Qf3 Rc8 23. Bf1 Red8 24. g4 Na7 25. h4 b5 26. g5 hxg5 27. hxg5 Nh7 28. g6 fxg6
29. Bd3 bxc4 30. Bxg6 Nf6 31. Ne4 Nxe4 32. Qxe4 Be7 33. Bh7+ Kh8 34. Nf3 Qa8 35.
Rd5 c3 36. Bxc3 Rf8 37. Nxe5 dxe5 38. Bg6 Bxd5 39. Rxd5 Bg5 40. Qxe5 Bh6 41. Rd6
Rxc3 42. Be4 Rc1+ 43. Kg2 Rxf2+ 44. Kg3 Rg1+ 45. Kxf2 Qf8+ 46. Kxg1 Bxe3+ 47.
Kg2 Nc8 48. Qf5 1-0

[Event "Haarlem Masters 2016"]
[Site "Haarlem NED"]
[Date "2016.10.16"]
[Round "2.5"]
[White "Warakomska, Anna"]
[Black "Hopman, Pieter"]
[Result "0-1"]
[WhiteTitle "WIM"]
[BlackTitle "FM"]
[WhiteElo "2365"]
[BlackElo "2354"]
[WhiteFideId "1130790"]
[BlackFideId "1005669"]
[EventDate "2016.10.15"]

1. d4 d6 2. Nf3 Bg4 3. c4 Nd7 4. Nc3 e6 5. e4 Ne7 6. Be2 g6 7. Be3 Bg7 8. Qd2 a6
9. O-O O-O 10. Rad1 Rb8 11. Ne1 Bxe2 12. Qxe2 d5 13. Bg5 dxe4 14. d5 e5 15. d6
cxd6 16. Rxd6 Qe8 17. Qd2 Nc5 18. b4 Ne6 19. Bxe7 Qxe7 20. Nxe4 Nd4 21. Rb6 Rfd8
22. Qe3 f5 23. Nc3 e4 24. c5 Qf7 25. f3 Qc4 26. fxe4 Qxc3 27. Qxc3 Ne2+ 28. Kh1
Bxc3 29. exf5 gxf5 30. Nf3 f4 0-1

[Event "Haarlem Masters 2016"]
[Site "Haarlem NED"]
[Date "2016.10.17"]
[Round "3.1"]
[White "Willemze, Thomas"]
[Black "Bosboom, Manuel"]
[Result "1-0"]
[WhiteTitle "IM"]
[BlackTitle "IM"]
[WhiteElo "2401"]
[BlackElo "2397"]
[WhiteFideId "1007238"]
[BlackFideId "1000080"]
[EventDate "2016.10.15"]

1. e4 c6 2. d4 d5 3. e5 Bf5 4. Nf3 e6 5. Be2 h6 6. O-O Nd7 7. c3 Ne7 8. a4 a6 9.
b4 g5 10. Ne1 Bg7 11. Bd3 O-O 12. Bxf5 Nxf5 13. f4 f6 14. fxg5 fxg5 15. a5 b6
16. g4 Nh4 17. Rxf8+ Qxf8 18. axb6 Nxb6 19. Qe2 Nc4 20. Nd2 Nxd2 21. Bxd2 Qf7
22. Be3 Qb7 23. Qd3 Qf7 24. Bf2 Rf8 25. Bg3 h5 26. h3 hxg4 27. hxg4 Nf3+ 28.
Nxf3 Qxf3 29. Qxf3 Rxf3 30. Be1 Rf4 31. Rxa6 Rxg4+ 32. Kf2 Rh4 33. Rxc6 Kf7 34.
b5 Rh2+ 35. Kg3 Re2 36. Bf2 Rb2 37. b6 Kg6 38. Rxe6+ Kf5 39. Re7 Bh6 40. Rf7+
Kg6 41. Rf6+ Kh5 42. Be3 Rb3 43. Rc6 Bf8 44. e6 Ba3 45. Kf3 g4+ 46. Kf4 Rb1 47.
Ke5 g3 48. Rc7 Rxb6 49. Kf5 1-0

[Event "Haarlem Masters 2016"]
[Site "Haarlem NED"]
[Date "2016.10.17"]
[Round "3.2"]
[White "Lopez, Jasel"]
[Black "L'Ami, Alina"]
[Result "1/2-1/2"]
[WhiteTitle "FM"]
[BlackTitle "IM"]
[WhiteElo "2233"]
[BlackElo "2322"]
[WhiteFideId "15900045"]
[BlackFideId "1210246"]
[EventDate "2016.10.15"]

1. d4 Nf6 2. c4 g6 3. Nc3 Bg7 4. e4 d6 5. f3 O-O 6. Be3 a6 7. Qd2 e5 8. Nge2
exd4 9. Nxd4 Nc6 10. Be2 Ne5 11. O-O c6 12. Rad1 Qc7 13. h3 b5 14. cxb5 axb5 15.
b3 Ba6 16. Qc2 b4 17. Na4 Bxe2 18. Qxe2 Qb7 19. Qc2 c5 20. Ne2 Qa6 21. Rd2 Rfc8
22. Rfd1 Rc6 23. Nb2 Qxa2 24. Rxd6 Rxd6 25. Rxd6 c4 26. Nc1 cxb3 27. Qxb3 Qxb3
28. Nxb3 Ne8 29. Rb6 Nd7 30. Rb7 Ra3 31. Nc4 Rxb3 32. Rxd7 Bf8 33. Rd8 Ng7 34.
Bh6 Ne6 35. Rb8 f6 36. Nb6 Kf7 37. Rb7+ Kg8 38. Bxf8 Kxf8 39. Nd7+ Ke8 40. Nxf6+
Kd8 41. Nd5 Rb1+ 42. Kh2 b3 43. Nc3 Rb2 44. Na4 Ra2 45. Nc3 Rb2 46. Na4 1/2-1/2

[Event "Haarlem Masters 2016"]
[Site "Haarlem NED"]
[Date "2016.10.17"]
[Round "3.3"]
[White "Schippers, Maurice"]
[Black "De Jager, Jaap"]
[Result "1/2-1/2"]
[BlackTitle "FM"]
[WhiteElo "2266"]
[BlackElo "2417"]
[WhiteFideId "1004735"]
[BlackFideId "1002830"]
[EventDate "2016.10.15"]

1. e4 Nf6 2. e5 Nd5 3. d4 d6 4. Nf3 Bg4 5. Be2 c6 6. O-O Bxf3 7. Bxf3 dxe5 8.
dxe5 e6 9. Qe2 Nd7 10. c4 Ne7 11. Bd2 Ng6 12. Bc3 Qc7 13. Re1 a5 14. a3 a4 15.
Nd2 Be7 16. g3 Rd8 17. Rad1 O-O 18. h4 Rfe8 19. h5 Ngf8 20. Be4 Nc5 21. Bc2 Qb6
22. Nf3 Rd7 23. Rxd7 Nfxd7 24. Qd2 Qa6 25. Qf4 h6 26. Qg4 Nb6 27. Nd2 Rd8 28.
Bb4 Kf8 29. Re2 Rd7 30. Qf4 Ke8 31. Qg4 Kf8 32. Bh7 Nb3 33. Bxe7+ Rxe7 34. Nxb3
axb3 35. Rd2 Qxc4 36. Rd8+ Re8 37. Rxe8+ Kxe8 38. Qxg7 Qc1+ 39. Kg2 Qg5 40. Qh8+
Ke7 41. Qb8 Nd7 42. Qxb7 Qxe5 43. Qxb3 Qxh5 44. Be4 Qc5 45. Qb7 Kd6 46. Qc8 f5
47. Bf3 e5 48. b4 Qc4 49. Qh8 Qe6 50. a4 Kc7 51. a5 e4 52. Bh5 e3 53. fxe3 Qxe3
54. a6 f4 55. gxf4 Qxf4 56. a7 Qd2+ 57. Kf1 Qf4+ 58. Kg2 Qg5+ 59. Kf1 Qf4+ 60.
Kg2 Qg5+ 61. Kf1 1/2-1/2

[Event "Haarlem Masters 2016"]
[Site "Haarlem NED"]
[Date "2016.10.17"]
[Round "3.4"]
[White "Warmerdam, Max"]
[Black "Warakomska, Anna"]
[Result "1/2-1/2"]
[WhiteTitle "FM"]
[BlackTitle "WIM"]
[WhiteElo "2388"]
[BlackElo "2365"]
[WhiteFideId "1048104"]
[BlackFideId "1130790"]
[EventDate "2016.10.15"]

1. e4 e5 2. Nf3 Nc6 3. Bb5 a6 4. Ba4 Nf6 5. O-O Be7 6. Re1 b5 7. Bb3 O-O 8. h3
d6 9. c3 Nb8 10. d4 Nbd7 11. Nbd2 Bb7 12. Bc2 Re8 13. a4 Bf8 14. b4 c6 15. Bb2
Qc7 16. Qb1 g6 17. axb5 axb5 18. Rxa8 Rxa8 19. Bb3 Bh6 20. Qd3 Re8 21. dxe5 Nxe5
22. Nxe5 dxe5 23. Nf3 Rd8 24. Qe2 Qe7 25. Qc2 Nd7 26. Rd1 c5 27. Bd5 Bxd5 28.
Rxd5 Bg7 29. Bc1 Bf6 30. Be3 cxb4 31. cxb4 Qxb4 32. Bd2 Qc4 33. Qb1 Nc5 34.
Rxd8+ Bxd8 35. Be3 Nd3 36. Kh2 b4 37. Nd2 Qc3 38. Qa2 Kg7 39. Qd5 Be7 40. Nb3
Bf6 41. Nc5 Nf4 42. Qb7 Qc4 43. g3 Ne6 44. Nxe6+ Qxe6 45. Qxb4 h5 46. Qb5 Kh7
47. Qc5 1/2-1/2

[Event "Haarlem Masters 2016"]
[Site "Haarlem NED"]
[Date "2016.10.17"]
[Round "3.5"]
[White "Hopman, Pieter"]
[Black "Umudova, Nargiz"]
[Result "1-0"]
[WhiteTitle "FM"]
[BlackTitle "WGM"]
[WhiteElo "2354"]
[BlackElo "2267"]
[WhiteFideId "1005669"]
[BlackFideId "13402137"]
[EventDate "2016.10.15"]

1. d4 Nf6 2. c4 e6 3. Nf3 Bb4+ 4. Nbd2 d5 5. Qa4+ Nc6 6. a3 Bxd2+ 7. Bxd2 O-O 8.
e3 Ne4 9. Qc2 Bd7 10. Bd3 f5 11. O-O Be8 12. b4 Bh5 13. Ne1 a6 14. b5 axb5 15.
cxb5 Na5 16. Bb4 Rf7 17. f4 g5 18. Nf3 Bxf3 19. gxf3 Nd6 20. fxg5 Qxg5+ 21. Kh1
Kh8 22. b6 Nac4 23. bxc7 Rc8 24. Rae1 Rfxc7 25. Qf2 Rg7 26. Rg1 Qf6 27. Rxg7
Qxg7 28. Rg1 Qf7 29. Qh4 Ne8 30. Qf4 Qc7 31. Qh6 Qf7 32. Be1 Qf6 33. Qf4 Ned6
34. Bh4 Qf7 35. Qg3 Rf8 36. Bg5 b5 37. Bf4 Ne8 38. Be5+ Nxe5 39. Qxe5+ Nf6 40.
Bxb5 h6 41. a4 Kh7 42. a5 Rg8 43. Rxg8 Nxg8 44. a6 Qe7 45. Be2 Qb4 46. Kg1 Qb6
47. Kf2 Ne7 48. Qf6 Qc7 49. Kg2 Qd7 50. Qf7+ Kh8 51. Qf8+ Kh7 52. Qf7+ Kh8 53.
h4 Qc7 54. Qxe6 f4 55. exf4 Nc6 56. Qxh6+ Kg8 57. Qg5+ Kh8 58. Qh5+ Kg7 59. Qxd5
Qe7 60. Qg5+ 1-0

[Event "Haarlem Masters 2016"]
[Site "Haarlem NED"]
[Date "2016.10.18"]
[Round "4.1"]
[White "Umudova, Nargiz"]
[Black "Warmerdam, Max"]
[Result "0-1"]
[WhiteTitle "WGM"]
[BlackTitle "FM"]
[WhiteElo "2267"]
[BlackElo "2388"]
[WhiteFideId "13402137"]
[BlackFideId "1048104"]
[EventDate "2016.10.15"]

1. e4 c5 2. Nf3 d6 3. d4 cxd4 4. Nxd4 Nf6 5. Nc3 a6 6. Be2 e6 7. O-O Be7 8. Kh1
Qc7 9. f4 Nbd7 10. Bf3 Rb8 11. a4 O-O 12. g4 d5 13. e5 Ne4 14. Nxe4 dxe4 15.
Bxe4 Nc5 16. Bg2 Rd8 17. Be3 b5 18. axb5 axb5 19. Qe2 Bb7 20. Bxb7 Qxb7+ 21. Qg2
Rd5 22. b4 Nd7 23. c3 Qc7 24. Nf5 Bf8 25. Bd4 Nb6 26. Ne3 Rdd8 27. Ra6 Bxb4 28.
Rfa1 Bxc3 29. Ra7 Qc8 30. Bxc3 Qxc3 31. Nf1 b4 32. f5 Qxe5 33. fxe6 Qxe6 34. Qf3
b3 35. Ng3 b2 36. Rf1 Rd7 37. Rxd7 Nxd7 0-1

[Event "Haarlem Masters 2016"]
[Site "Haarlem NED"]
[Date "2016.10.18"]
[Round "4.2"]
[White "Willemze, Thomas"]
[Black "Schippers, Maurice"]
[Result "1-0"]
[WhiteTitle "IM"]
[WhiteElo "2401"]
[BlackElo "2266"]
[WhiteFideId "1007238"]
[BlackFideId "1004735"]
[EventDate "2016.10.15"]

1. e4 c5 2. Nf3 g6 3. c3 d5 4. exd5 Qxd5 5. d4 Bg7 6. Be2 Nf6 7. O-O O-O 8. Na3
cxd4 9. Nxd4 e5 10. Ndb5 Nc6 11. Qa4 Qd8 12. Rd1 Qe7 13. Qh4 Nd5 14. Qxe7 Ndxe7
15. Nd6 Nf5 16. Nac4 Rd8 17. Bg5 f6 18. Be3 Nxe3 19. fxe3 Bf8 20. b4 Rb8 21. b5
Bxd6 22. Nxd6 Ne7 23. Ne4 Rf8 24. Nc5 Nf5 25. Kf2 b6 26. Nd7 Bxd7 27. Rxd7 Rbc8
28. c4 Rf7 29. Rad1 Rc7 30. Rd8+ Kg7 31. a4 h5 32. R1d2 Rfe7 33. a5 bxa5 34. Ra2
Red7 35. Rxd7+ Rxd7 36. Rxa5 Nd6 37. Ke1 Rc7 38. Ra6 Ne4 39. Rc6 Rd7 40. c5 Rd5
41. Rc7+ Kh6 42. c6 Nc3 43. Rb7 Rc5 44. Rxa7 Nxe2 45. c7 Nc3 46. b6 Nb5 47. b7
Rc1+ 48. Kf2 Rc2+ 49. Ke1 Rc1+ 50. Kd2 Rxc7 51. b8=Q Rxa7 52. Qxb5 Ra2+ 53. Ke1
Rxg2 54. Qf1 Rxh2 55. Qxf6 Ra2 56. Qh8+ Kg5 57. Qxe5+ Kh6 58. Qf6 Ra4 59. Kf2 h4
60. Kf3 Kh5 61. Qe5+ Kh6 62. Qe8 Rc4 63. e4 h3 64. Kg4 Kg7 65. Qe7+ Kh6 66. Qf8+ 1-0

[Event "Haarlem Masters 2016"]
[Site "Haarlem NED"]
[Date "2016.10.18"]
[Round "4.3"]
[White "Bosboom, Manuel"]
[Black "L'Ami, Alina"]
[Result "1-0"]
[WhiteTitle "IM"]
[BlackTitle "IM"]
[WhiteElo "2397"]
[BlackElo "2322"]
[WhiteFideId "1000080"]
[BlackFideId "1210246"]
[EventDate "2016.10.15"]

1. Nf3 Nf6 2. c4 g6 3. g3 Bg7 4. Bg2 O-O 5. Nc3 d6 6. O-O c6 7. d3 a6 8. b4 a5
9. b5 d5 10. Ba3 Re8 11. bxc6 bxc6 12. Rb1 Ba6 13. cxd5 cxd5 14. Qa4 e6 15. Rfc1
Bf8 16. Bxf8 Rxf8 17. Nd4 Bc8 18. Qa3 Bd7 19. e4 e5 20. Nf3 d4 21. Nd5 Nxd5 22.
exd5 f6 23. Rb7 Na6 24. h4 Rc8 25. Ra7 Rxc1+ 26. Qxc1 Nb4 27. Qc4 Rf7 28. d6 Kg7
29. Rc7 Be8 30. Rc8 Qd7 31. Nd2 Qb5 32. Bh3 f5 33. Bf1 Qxc4 34. Nxc4 Bd7 35. Ra8
Nc6 36. Bg2 e4 37. dxe4 Be6 38. exf5 Bxc4 39. Bxc6 Rf8 40. f6+ Kg8 41. Rxf8+ 1-0

[Event "Haarlem Masters 2016"]
[Site "Haarlem NED"]
[Date "2016.10.18"]
[Round "4.4"]
[White "Warakomska, Anna"]
[Black "Lopez, Jasel"]
[Result "0-1"]
[WhiteTitle "WIM"]
[BlackTitle "FM"]
[WhiteElo "2365"]
[BlackElo "2233"]
[WhiteFideId "1130790"]
[BlackFideId "15900045"]
[EventDate "2016.10.15"]

1. e4 e6 2. d4 d5 3. Nd2 Nf6 4. e5 Nfd7 5. c3 c5 6. Bd3 Nc6 7. Ne2 cxd4 8. cxd4
f6 9. exf6 Nxf6 10. Nf3 Bd6 11. O-O O-O 12. Bf4 Nh5 13. Bxd6 Qxd6 14. Ng3 Nf4
15. Re1 a6 16. Rc1 Bd7 17. Bb1 Rf6 18. Ne5 Raf8 19. Ng4 R6f7 20. h4 Qb4 21. Qc2
Ng6 22. h5 Rf4 23. hxg6 Rxg4 24. gxh7+ Kh8 25. Qc5 Rxd4 26. Ne2 Qxc5 27. Rxc5
Rd2 28. b4 Rb2 29. a3 Rf6 30. g4 e5 31. g5 Rd6 32. Nc3 Be6 33. Rd1 g6 34. Na4
Rb3 35. Nb6 d4 36. Ba2 Rxa3 37. Bxe6 Rxe6 38. Nc4 Rb3 39. Re1 Rxb4 40. Nxe5 Nxe5
41. Rcxe5 Rxe5 42. Rxe5 Kxh7 43. Rd5 Kg7 44. Kf1 Kf7 45. Rd6 a5 0-1

[Event "Haarlem Masters 2016"]
[Site "Haarlem NED"]
[Date "2016.10.18"]
[Round "4.5"]
[White "De Jager, Jaap"]
[Black "Hopman, Pieter"]
[Result "1/2-1/2"]
[WhiteTitle "FM"]
[BlackTitle "FM"]
[WhiteElo "2417"]
[BlackElo "2354"]
[WhiteFideId "1002830"]
[BlackFideId "1005669"]
[EventDate "2016.10.15"]

1. c4 e6 2. g3 d5 3. Bg2 Nf6 4. Nf3 dxc4 5. Qa4+ Nbd7 6. Qxc4 c5 7. O-O b6 8. d4
Bb7 9. Rd1 Rc8 10. Bg5 Be7 11. Nc3 O-O 12. Rac1 h6 13. Bf4 a6 14. dxc5 Rxc5 15.
Qb3 Qa8 16. Bd6 Bxd6 17. Rxd6 b5 18. Rcd1 Ne5 19. Ne1 Bxg2 20. Nxg2 Nc4 21. R6d3
Ng4 22. Rd4 Nge5 23. a4 Rfc8 24. axb5 axb5 25. Nf4 Nc6 26. Rd7 N4e5 27. R7d6 Nc4
28. Rd7 N4e5 1/2-1/2

[Event "Haarlem Masters 2016"]
[Site "Haarlem NED"]
[Date "2016.10.19"]
[Round "5.1"]
[White "Schippers, Maurice"]
[Black "Bosboom, Manuel"]
[Result "0-1"]
[BlackTitle "IM"]
[WhiteElo "2266"]
[BlackElo "2397"]
[WhiteFideId "1004735"]
[BlackFideId "1000080"]
[EventDate "2016.10.15"]

1. e4 c5 2. Nf3 d6 3. d4 cxd4 4. Nxd4 Nf6 5. Nc3 a6 6. Be2 e6 7. O-O b5 8. Bf3
Ra7 9. Be3 Rc7 10. Nb3 Nbd7 11. a4 b4 12. Na2 Bb7 13. Na5 Bxe4 14. Bxe4 Nxe4 15.
Nxb4 Qa8 16. Qe2 Nec5 17. Rfd1 Be7 18. Bf4 Qe4 19. Qxe4 Nxe4 20. f3 g5 21. Be3
Nec5 22. Nbc6 Nb7 23. Nxb7 Rxc6 24. b4 O-O 25. b5 Rc3 26. Bf2 d5 27. bxa6 Ra8
28. a7 Nc5 29. Na5 Rxa7 30. Nc6 Rc7 31. Nxe7+ Rxe7 32. Bd4 Rc4 33. Bf6 Ra7 34.
a5 h6 35. g4 Kh7 36. Rd4 Rxc2 37. Rb4 Nd3 38. Rb8 e5 39. Ra3 Rd2 40. Bd8 e4 41.
fxe4 dxe4 42. Bb6 Rd7 43. Ra1 Ne5 44. a6 Nf3+ 45. Kf1 Nxh2+ 46. Kg1 Nf3+ 47. Kf1
Rh2 48. Bg1 Rdd2 49. a7 Rh1 50. Rh8+ Kxh8 51. a8=Q+ Kg7 52. Qf8+ Kxf8 53. Ra8+
Kg7 54. Rg8+ Kf6 55. Rg6+ Ke5 56. Re6+ Kf4 57. Rxe4+ Kg3 58. Re2 Rxg1# 0-1